000 00353nam a2200133Ia 4500
008 230411s9999 xx 000 0 und d
041 _aeng
082 _aSO/301/NEE/B07854
100 _aNeeraja KP
245 _aTextbook of Sociology for Nursing Students
260 _bJaypee Brothers
_aNew Delhi
_c2005
300 _a607p
999 _c157911
_d157911